[Event "Leiden SB-ch"]
[Site "Leiden"]
[Date "2007.06.19"]
[Round "6"]
[White "Van der Marel, Eric J"]
[Black "Kriek, F."]
[Result "1-0"]
[WhiteElo "1976"]
[BlackElo "1393"]
[PlyCount "55"]
[EventDate "2007.05.15"]
[EventType "swiss"]
[EventRounds "7"]
[EventCountry "NED"]
[SourceTitle "EXT 2012"]
[Source "ChessBase"]
[SourceDate "2011.11.24"]
[SourceVersion "1"]
[SourceVersionDate "2011.11.24"]
[SourceQuality "1"]

1. d4 d5 2. c4 e5 3. dxe5 d4 4. Nf3 Bc5 5. g3 h6 6. Bg2 c6 7. 0-0 Bf5 8. Qd2 Ne7 9. Rd1 Na6 10. Nxd4 Bxd4 11. Qxd4 Qc7 12. Nc3 Rd8 13. Qxd8+ Qxd8 14. Rxd8+ Kxd8 15. b3 Be6 16. Ba3 Nc8 17. Rd1+ Kc7 18. Ne4 Kb6 19. f4 Bg4 20. Kf2 Be6 21. Ke3 Rg8 22. h4 Bf5 23. Bf3 Bxe4 24. Bxe4 Ka5 25. Rd7 Kb6 26. Rxf7 Nc7 27. Bh7 Rh8 28. c5+ 1-0

[Event "Leiden SB-ch"]
[Site "Leiden"]
[Date "2007.05.29"]
[Round "3"]
[White "Kriek, F."]
[Black "Van Bezouw, Stein"]
[Result "1-0"]
[WhiteElo "1393"]
[BlackElo "1564"]
[PlyCount "57"]
[EventDate "2007.05.15"]
[EventType "swiss"]
[EventRounds "7"]
[EventCountry "NED"]
[SourceTitle "EXT 2012"]
[Source "ChessBase"]
[SourceDate "2011.11.24"]
[SourceVersion "1"]
[SourceVersionDate "2011.11.24"]
[SourceQuality "1"]

1. e4 e5 2. d4 exd4 3. Nf3 Bb4+ 4. c3 dxc3 5. bxc3 Bc5 6. Bc4 d6 7. Qb3 Qe7 8. 0-0 h6 9. Bf4 c6 10. Nbd2 Be6 11. Bxe6 fxe6 12. Rad1 Na6 13. Rfe1 0-0-0 14. Rb1 Rd7 15. Nc4 e5 16. Bg3 Nf6 17. h3 Nh5 18. Bh2 g5 19. Nfxe5 dxe5 20. Nxe5 Bb6 21. Ng6 Qf6 22. Nxh8 Bxf2+ 23. Kh1 Qxh8 24. Rf1 Ng3+ 25. Bxg3 Bxg3 26. Rf5 Qd8 27. Rbf1 Qe7 28. Rf8+ Rd8 29. R8f7 1-0

[Event "Leiden SB-ch"]
[Site "Leiden"]
[Date "2007.05.15"]
[Round "1"]
[White "Kriek, F."]
[Black "Hellenberg, Jan Amerik"]
[Result "0-1"]
[WhiteElo "1393"]
[BlackElo "1921"]
[PlyCount "116"]
[EventDate "2007.05.15"]
[EventType "swiss"]
[EventRounds "7"]
[EventCountry "NED"]
[SourceTitle "EXT 2012"]
[Source "ChessBase"]
[SourceDate "2011.11.24"]
[SourceVersion "1"]
[SourceVersionDate "2011.11.24"]
[SourceQuality "1"]

1. e4 e6 2. d4 d5 3. exd5 exd5 4. Bd3 Nc6 5. c3 Bd6 6. Be3 Nge7 7. Bg5 h6 8. Bh4 Be6 9. Qc2 Qd7 10. Nd2 g5 11. Bg3 0-0-0 12. 0-0-0 f5 13. Bxd6 Qxd6 14. h3 Rdf8 15. Ne2 f4 16. f3 Nf5 17. Nf1 Nh4 18. Rg1 Ne7 19. Kb1 Bf5 20. Nc1 c5 21. dxc5 Qxc5 22. Nd2 Kb8 23. Ndb3 Qc8 24. Rge1 Bxd3 25. Nxd3 Nef5 26. Qf2 Ne3 27. Rc1 Qf5 28. Qe2 Nhxg2 29. Nd4 Qg6 30. Rg1 Re8 31. Nc2 Nxc2 32. Qxc2 Ne3 33. Qd2 Nc4 34. Qc2 Re3 35. Rcd1 Rhe8 36. Rge1 Qb6 37. Kc1 Rxe1 38. Rxe1 Rxe1+ 39. Nxe1 Qe3+ 40. Kd1 a6 41. a3 d4 42. cxd4 Qxd4+ 43. Kc1 Ne3 44. Qe2 Qc5+ 45. Kb1 Qf5+ 46. Ka1 Qxh3 47. Qd2 Qe6 48. Qd8+ Ka7 49. Qd4+ Qb6 50. Qc3 Nd5 51. Qd2 Qc5 52. Nd3 Qd4 53. Qc2 h5 54. Nf2 g4 55. fxg4 hxg4 56. Ne4 Ne3 57. Qc3 Qxc3 58. bxc3 g3 0-1